| 000 | 00650nam a22001457a 4500 | ||
|---|---|---|---|
| 999 |
_c63530 _d63530 |
||
| 003 | Ge_BSU | ||
| 005 | 20251031154643.0 | ||
| 008 | 251027s1994 ge ||||| |||| 00| 0 geo d | ||
| 041 | _ageo | ||
| 080 | _a657.15 ბ-98 | ||
| 245 |
_aბუღალტრული აღრიცხვის საერთაშორისო სტანდარტი ბასს 31 : _bერთობლივ საქმიანობაში მონაწილეობის ფინანსური ანგარიშგება. |
||
| 264 |
_aთბილისი, _c1994. |
||
| 300 |
_a28 გვ.; _b21 სმ. |
||
| 942 |
_2udc _cᲬᲘᲒᲜᲘ |
||